European Integration <A> Threat to Foreign Investment in Developing Countries?
Na minha lista:
| Autor principal: | |
|---|---|
| Outros Autores: | , |
| Formato: | Livro |
| Idioma: | inglês |
| Publicado em: |
Kiel
Institut für Weltwirtschaft
1995
|
| Edição: | 1. ed. |
| Colecção: | Kiel Discussion Papers
246 |
| Assuntos: | |
| Tags: |
Sem tags, seja o primeiro a adicionar uma tag!
|
MARC
| LEADER | 00000nam a2200000 4500 | ||
|---|---|---|---|
| 001 | c010773 | ||
| 005 | 20221205132949.0 | ||
| 020 | |a 3-89456-090-8 | ||
| 041 | 0 | |a eng | |
| 044 | |a DE | ||
| 245 | 1 | 0 | |a European Integration |b <A> Threat to Foreign Investment in Developing Countries? |c Jamuna P. Agarwal, Ulrich Hiemenz, Peter Nunnenkamp |
| 250 | |a 1. ed. | ||
| 264 | 1 | |a Kiel |b Institut für Weltwirtschaft |c 1995 | |
| 300 | |a 38 s. | ||
| 490 | 1 | |a Kiel Discussion Papers |v 246 | |
| 830 | 0 | |a Kiel Discussion Papers |v 246 | |
| 610 | 2 | 0 | |a investície zahraničné |
| 610 | 2 | 0 | |a integrácia ekonomická medzinárodná |
| 610 | 2 | 0 | |a Európa |
| 610 | 2 | 0 | |a transformácia |
| 610 | 2 | 0 | |a Európska únia |
| 100 | 1 | |a Agarwal, Jamuna P. | |
| 700 | 1 | |a Hiemenz, Ulrich | |
| 700 | 1 | |a Nunnenkamp, Peter | |